| 000 | 00000nam##2200000za#4500 |
| 001 | 9.691497 |
| 003 | CaOODSP |
| 005 | 20210624232807 |
| 007 | cr ||||||||||| |
| 008 | 150407|2007||||xxc|||||o f|0| 0 eng|d |
| 020 | |a978-1-100-10943-5 |
| 040 | |aCaOODSP|beng |
| 043 | |an-cn--- |
| 086 | 1 |aA52-121/2007E-PDF |
| 110 | 1 |aCanada. |bAgriculture and Agri-Food Canada. |
| 245 | 10|aSeasonal influences of greenhouse climate on the effectiveness of biological control agents in greenhouses |h[electronic resource] |
| 260 | |aOttawa - Ontario : |bAgriculture and Agri-Food Canada |c[2007]. |
| 300 | |a2p.|bgraphs, photographs |
| 590 | |a10-10-Supp|b2010-11-09 |
| 690 | 07|aGreenhouses|2gcpds |
| 775 | 08|tInfluences saisonnières du climat des serres sur l'efficacité d'agents de lutte biologique |w(CaOODSP)9.635825 |
| 856 | 40|ahttp://publications.gc.ca|qPDF|s1740 KB|uhttps://publications.gc.ca/collections/collection_2009/agr/A52-121-2007E.pdf |
| 986 | |aN° AAC 10341E |